[Event "Landesliga Sued 1718"]
[Site "Bayern"]
[Date "2018.04.15"]
[Round "9.8"]
[White "Bauer, Wolfgang"]
[Black "Posch, Roland"]
[Result "0-1"]
[WhiteElo "1785"]
[BlackElo "2144"]
[PlyCount "48"]
[EventDate "2017.10.22"]
[EventType "team-tourn"]
[EventRounds "9"]
[EventCountry "GER"]
[SourceTitle "EXT 2022"]
[Source "ChessBase"]
[SourceDate "2021.10.06"]
[SourceVersion "1"]
[SourceVersionDate "2021.10.06"]
[SourceQuality "1"]
[WhiteTeam "Dillingen"]
[BlackTeam "Rottal Inn"]
[WhiteTeamCountry "GER"]
[BlackTeamCountry "GER"]

1. c4 e5 2. Nc3 Nf6 3. g3 d5 4. cxd5 Nxd5 5. Bg2 Nb6 6. Nf3 Nc6 7. 0-0 Be7 8. d3 0-0 9. a4 a5 10. Be3 Be6 11. Bxb6 cxb6 12. Nd2 f5 13. Nb5 Bc5 14. Rc1 Qd7 15. Nc4 Rad8 16. Qd2 e4 17. Rfd1 exd3 18. Qxd3 Qe7 19. Qc3 f4 20. gxf4 Rxd1+ 21. Rxd1 Rxf4 22. Ne3 Qh4 23. Rf1 Rf6 24. Nc7 Bd6 0-1

[Event "Bad Bevensen Seniors op 12th"]
[Site "Bad Bevensen"]
[Date "2009.07.14"]
[Round "8"]
[White "Fritsch, Juergen"]
[Black "Bauer, Wolfgang"]
[Result "1/2-1/2"]
[WhiteElo "1728"]
[BlackElo "1916"]
[PlyCount "98"]
[EventDate "2009.07.07"]
[EventType "swiss"]
[EventRounds "9"]
[EventCountry "GER"]
[SourceTitle "EXT 2022"]
[Source "ChessBase"]
[SourceDate "2021.10.06"]
[SourceVersion "1"]
[SourceVersionDate "2021.10.06"]
[SourceQuality "1"]

1. d4 Nf6 2. Bg5 e6 3. e3 Be7 4. Nf3 h6 5. Bxf6 Bxf6 6. Nbd2 d5 7. Nb3 0-0 8. Ne5 Bxe5 9. dxe5 Nd7 10. f4 f6 11. exf6 Nxf6 12. Qd4 b6 13. Be2 c5 14. Qa4 Ng4 15. Bxg4 Qh4+ 16. g3 Qxg4 17. Nd2 h5 18. c3 h4 19. Qd1 Qh3 20. Qf3 Bb7 21. gxh4 Qxf3 22. Nxf3 d4 23. Kf2 e5 24. cxd4 cxd4 25. Rhe1 dxe3+ 26. Rxe3 Rxf4 27. Kg3 Rxf3+ 28. Rxf3 Bxf3 29. Kxf3 Rf8+ 30. Kg3 e4 31. Re1 Rf3+ 32. Kg2 Rd3 33. Re2 Kf7 34. Rxe4 Rd2+ 35. Kg3 Rxb2 36. Ra4 a5 37. h5 Rc2 38. h4 Rc7 39. Rf4+ Ke6 40. a4 Kd6 41. Kg4 Kc5 42. Kg5 Kd6 43. h6 gxh6+ 44. Kxh6 Rc1 45. h5 Ke6 46. Rg4 Kf6 47. Rg6+ Kf7 48. Rxb6 Rc4 49. Rb7+ Kf6 1/2-1/2

[Event "Bad Bevensen Seniors op 12th"]
[Site "Bad Bevensen"]
[Date "2009.07.11"]
[Round "5"]
[White "Bauer, Wolfgang"]
[Black "Tepel, Juergen"]
[Result "1-0"]
[WhiteElo "1916"]
[BlackElo "1772"]
[PlyCount "93"]
[EventDate "2009.07.07"]
[EventType "swiss"]
[EventRounds "9"]
[EventCountry "GER"]
[SourceTitle "EXT 2022"]
[Source "ChessBase"]
[SourceDate "2021.10.06"]
[SourceVersion "1"]
[SourceVersionDate "2021.10.06"]
[SourceQuality "1"]

1. d4 e6 2. e3 f5 3. c4 Nf6 4. Nc3 b6 5. Bd3 Bb7 6. Nf3 Be7 7. 0-0 0-0 8. b3 Ne4 9. Bb2 d5 10. Ne5 Nd7 11. Nxd7 Qxd7 12. f3 Nd6 13. Qc2 Bf6 14. Ne2 g6 15. Rac1 Rfc8 16. Ba3 c6 17. Kh1 Bg7 18. c5 Nf7 19. f4 b5 20. Ng1 Bf6 21. Nf3 Kh8 22. Qe2 a6 23. Bb4 g5 24. fxg5 Nxg5 25. Ne5 Qg7 26. g4 Bxe5 27. dxe5 fxg4 28. Qxg4 Rg8 29. Rf6 Rae8 30. Rcf1 Bc8 31. Be1 Ne4 32. Qxg7+ Rxg7 33. Bxe4 dxe4 34. Rf7 Kg8 35. R7f4 Rd8 36. Bh4 Re8 37. Bf6 Rg6 38. h4 Rf8 39. h5 Rg3 40. Kh2 Rf3 41. Rg1+ Kf7 42. Rg7+ Ke8 43. Re7+ Kd8 44. Rxh7+ Ke8 45. Re7+ Kd8 46. Rxf3 exf3 47. h6 1-0

[Event "Bad Bevensen Seniors op 12th"]
[Site "Bad Bevensen"]
[Date "2009.07.10"]
[Round "4"]
[White "Pachler, Klaus"]
[Black "Bauer, Wolfgang"]
[Result "0-1"]
[WhiteElo "1747"]
[BlackElo "1916"]
[PlyCount "54"]
[EventDate "2009.07.07"]
[EventType "swiss"]
[EventRounds "9"]
[EventCountry "GER"]
[SourceTitle "EXT 2022"]
[Source "ChessBase"]
[SourceDate "2021.10.06"]
[SourceVersion "1"]
[SourceVersionDate "2021.10.06"]
[SourceQuality "1"]

1. d4 Nf6 2. e3 g6 3. Bd3 Bg7 4. c4 0-0 5. Nf3 c5 6. 0-0 cxd4 7. exd4 d5 8. c5 Bg4 9. Be2 b6 10. h3 Be6 11. b4 a5 12. Bd2 axb4 13. Bxb4 Nc6 14. Ba3 Ne4 15. Bb5 Na7 16. Bd3 bxc5 17. Qe2 cxd4 18. Bb2 Qb6 19. a4 Nc6 20. Rc1 Nb4 21. Ne1 Nc5 22. Rd1 Nbxd3 23. Nxd3 Nxd3 24. Rxd3 Bf5 25. Rd2 d3 26. Qe3 d4 27. Qf3 Be6 0-1

[Event "GER KO tt R1/P02 email"]
[Site "GER email"]
[Date "2008.10.15"]
[Round "?"]
[White "Bauer, Wolfgang"]
[Black "Loehn, Marko"]
[Result "1-0"]
[WhiteElo "2352"]
[BlackElo "1640"]
[PlyCount "71"]
[EventDate "2008.10.15"]
[EventType "tourn (corr)"]
[EventRounds "6"]
[EventCountry "GER"]
[SourceTitle "Corr 2011"]
[Source "ChessBase"]
[SourceDate "2010.08.31"]
[SourceVersion "1"]
[SourceVersionDate "2010.08.31"]
[SourceQuality "1"]

1. e4 c5 2. Nf3 d6 3. d4 cxd4 4. Nxd4 Nf6 5. Nc3 g6 6. Be3 Bg7 7. f3 0-0 8. Qd2 Nc6 9. Bc4 Ne5 10. Bb3 Bd7 11. 0-0-0 a5 12. a4 Rc8 13. h4 Nc4 14. Bxc4 Rxc4 15. b3 Rc8 16. h5 Nxh5 17. g4 Ng3 18. Rh2 Be5 19. Rg2 h5 20. f4 Bxg4 21. Rxg3 Bxd1 22. Kxd1 Bxd4 23. Bxd4 e6 24. f5 Kh7 25. Rh3 Rg8 26. Kc1 Rc6 27. Kb2 Qf8 28. Qg5 Rc7 29. Be3 Rh8 30. Nb5 Rd7 31. Nd4 Qg7 32. f6 Qf8 33. Rxh5+ gxh5 34. Qxh5+ Kg8 35. Qg4+ Kh7 36. Nf3 1-0

[Event "Niedersachsen-ch Seniors op 10th"]
[Site "Bad Bevensen"]
[Date "2007.07.11"]
[Round "9"]
[White "Bauer, Wolfgang"]
[Black "Niebling, Ferdinand"]
[Result "0-1"]
[WhiteElo "1945"]
[BlackElo "2061"]
[PlyCount "86"]
[EventDate "2007.07.03"]
[EventType "swiss"]
[EventRounds "9"]
[EventCountry "GER"]
[SourceTitle "EXT 2022"]
[Source "ChessBase"]
[SourceDate "2021.10.06"]
[SourceVersion "1"]
[SourceVersionDate "2021.10.06"]
[SourceQuality "1"]

1. d4 f5 2. g3 Nf6 3. Bg2 g6 4. b3 Bg7 5. Bb2 d6 6. Nf3 0-0 7. c4 Na6 8. Nc3 c6 9. 0-0 Nc7 10. Qc2 Rb8 11. Rac1 Qe8 12. Rfe1 b5 13. Nb1 Bd7 14. Nbd2 bxc4 15. bxc4 h6 16. Bc3 Qf7 17. Rb1 g5 18. Rxb8 Rxb8 19. Qa4 Rb7 20. Rb1 Rxb1+ 21. Nxb1 a6 22. Nfd2 Qe8 23. Ba5 Ne6 24. e3 c5 25. Qb3 cxd4 26. exd4 Nxd4 27. Qb6 Ne6 28. Qxa6 Ng4 29. Bc3 Nd4 30. Bf1 Bc6 31. h3 Qh5 32. Bxd4 Bxd4 33. Qxc6 Bxf2+ 34. Kg2 Bxg3 35. Qf3 Bf4 36. Bd3 Ne3+ 37. Kf2 Qh4+ 38. Ke2 e5 39. Bxf5 Nxf5 40. Qa8+ Kg7 41. Qc8 Qh5+ 42. Kd3 Qxh3+ 43. Ke4 Ng3+ 0-1

[Event "Niedersachsen-ch Seniors op 10th"]
[Site "Bad Bevensen"]
[Date "2007.07.04"]
[Round "2"]
[White "Bauer, Wolfgang"]
[Black "Micheel, Peter"]
[Result "1-0"]
[WhiteElo "1945"]
[BlackElo "1762"]
[PlyCount "67"]
[EventDate "2007.07.03"]
[EventType "swiss"]
[EventRounds "9"]
[EventCountry "GER"]
[SourceTitle "EXT 2022"]
[Source "ChessBase"]
[SourceDate "2021.10.06"]
[SourceVersion "1"]
[SourceVersionDate "2021.10.06"]
[SourceQuality "1"]

1. d4 d5 2. Nf3 Nc6 3. e3 Bg4 4. c4 e6 5. Nbd2 Nf6 6. Qb3 Rb8 7. h3 Bh5 8. cxd5 exd5 9. Ne5 Nxe5 10. dxe5 Ne4 11. Qa4+ c6 12. Nxe4 dxe4 13. Bd2 Qd5 14. Bc3 Rd8 15. g4 b5 16. Qxa7 b4 17. Bd4 Be7 18. Rc1 c5 19. Bc4 Ra8 20. Qb6 Qd8 21. Bxc5 Qxb6 22. Bxb6 Bg6 23. Bb5+ Kf8 24. Ke2 h5 25. Bd7 f6 26. e6 f5 27. gxf5 Bxf5 28. Rc6 g5 29. Bd4 Rh6 30. Rhc1 Kg8 31. Rc8+ Rxc8 32. Rxc8+ Kh7 33. Rh8+ Kg6 34. Be8# 1-0

[Event "Niedersachsen-ch Seniors op 09th"]
[Site "Bad Bevensen"]
[Date "2006.06.30"]
[Round "7"]
[White "Bauer, Wolfgang"]
[Black "Detert, Heinz"]
[Result "0-1"]
[WhiteElo "1875"]
[BlackElo "1880"]
[PlyCount "60"]
[EventDate "2006.06.24"]
[EventType "swiss"]
[EventRounds "9"]
[EventCountry "GER"]
[SourceTitle "EXT 2022"]
[Source "ChessBase"]
[SourceDate "2021.10.06"]
[SourceVersion "1"]
[SourceVersionDate "2021.10.06"]
[SourceQuality "1"]

1. d4 d5 2. Nf3 Nf6 3. e3 e6 4. Bd3 c5 5. c3 Nc6 6. Nbd2 Be7 7. 0-0 0-0 8. Qe2 Qc7 9. dxc5 Bxc5 10. e4 dxe4 11. Nxe4 Nxe4 12. Qxe4 f5 13. Qc4 Bd6 14. b4 a6 15. a4 b5 16. Qb3 bxa4 17. Rxa4 Ne5 18. Be2 Rf6 19. Bd2 Bb7 20. Nxe5 Bxe5 21. f4 Qb6+ 22. Kh1 Rg6 23. Bf3 Bc7 24. c4 Rd8 25. c5 Qb5 26. Re1 Bxf3 27. gxf3 Rxd2 28. Ra2 Rd3 29. Qc2 Rxf3 30. Qe2 Re3 0-1

[Event "Niedersachsen-ch Seniors op 09th"]
[Site "Bad Bevensen"]
[Date "2006.06.25"]
[Round "2"]
[White "Wulf, Adalbert"]
[Black "Bauer, Wolfgang"]
[Result "1/2-1/2"]
[WhiteElo "1792"]
[BlackElo "1875"]
[PlyCount "68"]
[EventDate "2006.06.24"]
[EventType "swiss"]
[EventRounds "9"]
[EventCountry "GER"]
[SourceTitle "EXT 2022"]
[Source "ChessBase"]
[SourceDate "2021.10.06"]
[SourceVersion "1"]
[SourceVersionDate "2021.10.06"]
[SourceQuality "1"]

1. d4 Nf6 2. Nf3 b6 3. c4 Bb7 4. Nc3 e6 5. e3 Bb4 6. Bd2 0-0 7. Be2 c5 8. 0-0 cxd4 9. exd4 d5 10. Qb3 Be7 11. c5 Nc6 12. cxb6 axb6 13. Rfc1 Ne4 14. Be3 f5 15. g3 Na5 16. Qd1 Nc4 17. Rc2 Ba6 18. Bc1 Ncd6 19. Ne5 Nxc3 20. Rxc3 Ne4 21. Rc2 Bd6 22. Nd3 Rc8 23. Rxc8 Qxc8 24. Nf4 Bxe2 25. Nxe2 Qd7 26. f3 Nf6 27. Be3 Ra8 28. Qb3 b5 29. Rd1 b4 30. Nc1 Qb5 31. Nd3 Qc4 32. Rc1 Qxb3 33. axb3 Kf7 34. Kf1 Ke7 1/2-1/2

[Event "Niedersachsen-ch Seniors op 09th"]
[Site "Bad Bevensen"]
[Date "2006.06.24"]
[Round "3"]
[White "Bauer, Wolfgang"]
[Black "Bachmann, Rolf"]
[Result "1-0"]
[WhiteElo "1875"]
[BlackElo "1929"]
[PlyCount "37"]
[EventDate "2006.06.24"]
[EventType "swiss"]
[EventRounds "9"]
[EventCountry "GER"]
[SourceTitle "EXT 2022"]
[Source "ChessBase"]
[SourceDate "2021.10.06"]
[SourceVersion "1"]
[SourceVersionDate "2021.10.06"]
[SourceQuality "1"]

1. d4 Nf6 2. Nf3 g6 3. b3 Bg7 4. Bb2 0-0 5. g3 d5 6. Bg2 c6 7. 0-0 Nbd7 8. Nbd2 Re8 9. Rb1 e5 10. dxe5 Ng4 11. c4 Ndxe5 12. Nxe5 Nxe5 13. cxd5 cxd5 14. Bd4 Qa5 15. Rc1 Be6 16. Qc2 Nc6 17. Bxg7 Kxg7 18. Qc3+ Qxc3 19. Rxc3 1-0

[Event "Bad Bevensen Seniors op 8th"]
[Site "Bad Bevensen"]
[Date "2005.07.03"]
[Round "9"]
[White "Wittmann, Georg"]
[Black "Bauer, Wolfgang"]
[Result "1/2-1/2"]
[WhiteElo "2007"]
[BlackElo "1944"]
[PlyCount "80"]
[EventDate "2005.06.25"]
[EventType "swiss"]
[EventRounds "9"]
[EventCountry "GER"]
[SourceTitle "EXT 2007"]
[Source "ChessBase"]
[SourceDate "2006.11.23"]
[SourceVersion "1"]
[SourceVersionDate "2006.11.23"]
[SourceQuality "1"]

1. c4 Nf6 2. Nc3 b6 3. e4 d6 4. d4 c5 5. f4 cxd4 6. Qxd4 Nc6 7. Qd2 Bb7 8. Bd3 g6 9. Nf3 Bg7 10. 0-0 0-0 11. Kh1 Nd7 12. b3 Nc5 13. Rb1 Nxd3 14. Qxd3 Nb4 15. Qd2 Bxc3 16. Qxc3 Nxa2 17. Qd4 Nxc1 18. Rbxc1 Qc7 19. f5 Qc5 20. Qd3 Qc6 21. Rce1 Qc5 22. Qd2 Kg7 23. Qc3+ f6 24. b4 Qc7 25. Re3 Bc8 26. Nd4 g5 27. Rg3 Kg8 28. h4 h6 29. hxg5 hxg5 30. Nf3 Kf7 31. Rh3 Ke8 32. Rh7 a5 33. bxa5 Rxa5 34. Nxg5 Qc5 35. Nf3 Bb7 36. Nd2 Qe5 37. Qxe5 Rxe5 38. Rb1 Bxe4 39. Nxe4 Rxe4 40. Rxb6 Kd7 1/2-1/2

[Event "Bad Bevensen Seniors op 8th"]
[Site "Bad Bevensen"]
[Date "2005.07.02"]
[Round "8"]
[White "Schmidt, Manfred"]
[Black "Bauer, Wolfgang"]
[Result "1-0"]
[WhiteElo "1947"]
[BlackElo "1944"]
[PlyCount "109"]
[EventDate "2005.06.25"]
[EventType "swiss"]
[EventRounds "9"]
[EventCountry "GER"]
[SourceTitle "EXT 2007"]
[Source "ChessBase"]
[SourceDate "2006.11.23"]
[SourceVersion "1"]
[SourceVersionDate "2006.11.23"]
[SourceQuality "1"]

1. e4 c6 2. d4 d5 3. e5 Na6 4. c3 Nc7 5. Bd3 g6 6. Nd2 Nh6 7. Nf1 Bf5 8. Ng3 Bxd3 9. Qxd3 Bg7 10. Nf3 Qd7 11. h3 0-0 12. 0-0 f6 13. Re1 Nf7 14. exf6 exf6 15. Bd2 Nd6 16. Re2 Nc4 17. Bc1 Rae8 18. Rxe8 Rxe8 19. b3 Nd6 20. Bf4 Ne4 21. Re1 Ne6 22. Bc1 Nxg3 23. fxg3 Nc7 24. Rxe8+ Nxe8 25. Bf4 Nd6 26. Bxd6 Qxd6 27. Qe3 Bf8 28. g4 Kf7 29. g5 Qe6 30. Qxe6+ Kxe6 31. gxf6 Kxf6 32. g4 c5 33. Kf2 b5 34. dxc5 Bxc5+ 35. Ke2 a5 36. a4 b4 37. cxb4 Bxb4 38. Kd3 Bc5 39. Kc3 Ke6 40. Kd3 Kd6 41. Kc3 Bf2 42. b4 d4+ 43. Nxd4 axb4+ 44. Kc4 Ke5 45. Nc6+ Kf4 46. Kxb4 Kg3 47. Kc4 Kxh3 48. g5 Kg4 49. Nd4 Kxg5 50. a5 Bg3 51. a6 Bb8 52. Nc6 h5 53. Nxb8 h4 54. a7 h3 55. a8Q 1-0

[Event "Bad Bevensen op"]
[Site "Bad Bevensen"]
[Date "2005.06.29"]
[Round "5"]
[White "Bauer, Wolfgang"]
[Black "Kuehn, Peter1111"]
[Result "1/2-1/2"]
[WhiteElo "1944"]
[BlackElo "2015"]
[PlyCount "56"]
[EventDate "2005.06.25"]
[EventType "swiss"]
[EventRounds "9"]
[EventCountry "GER"]
[SourceTitle "EXT 2007"]
[Source "ChessBase"]
[SourceDate "2006.11.23"]
[SourceVersion "1"]
[SourceVersionDate "2006.11.23"]
[SourceQuality "1"]

1. d4 f5 2. g3 g6 3. Bg2 Bg7 4. Nf3 Nf6 5. b3 0-0 6. Bb2 d6 7. 0-0 c6 8. c4 Na6 9. Nbd2 Qe8 10. e3 Bd7 11. Qe2 Nc7 12. Rae1 h6 13. e4 fxe4 14. Nxe4 Nxe4 15. Qxe4 Bf6 16. Qe3 Kg7 17. Bc1 Rh8 18. Nd2 Qf7 19. Ne4 Rae8 20. Qd2 d5 21. Nxf6 Qxf6 22. Qa5 Ne6 23. Bh3 h5 24. cxd5 cxd5 25. Bxe6 Bxe6 26. Bf4 Qf7 27. Be5+ Kh7 28. Bxh8 Bh3 1/2-1/2

[Event "Bad Bevensen op"]
[Site "Bad Bevensen"]
[Date "2005.06.25"]
[Round "1"]
[White "Bauer, Wolfgang"]
[Black "Stiemerling, Karl Heinz"]
[Result "0-1"]
[WhiteElo "1944"]
[BlackElo "1869"]
[PlyCount "60"]
[EventDate "2005.06.25"]
[EventType "swiss"]
[EventRounds "9"]
[EventCountry "GER"]
[SourceTitle "EXT 2007"]
[Source "ChessBase"]
[SourceDate "2006.11.23"]
[SourceVersion "1"]
[SourceVersionDate "2006.11.23"]
[SourceQuality "1"]

1. d4 d5 2. Nf3 c6 3. Bf4 Nf6 4. h3 e6 5. Nbd2 Nbd7 6. e3 Bb4 7. c3 Ba5 8. Bd3 h6 9. Qe2 Bc7 10. Bxc7 Qxc7 11. e4 dxe4 12. Nxe4 Nd5 13. g3 0-0 14. 0-0 e5 15. Kg2 exd4 16. Nxd4 Ne5 17. Bc2 Qd7 18. Rh1 Re8 19. Nc5 Qd6 20. Nd3 Bd7 21. Rad1 Nf6 22. Nf4 Qc7 23. Nh5 Nxh5 24. Qxh5 c5 25. Nf5 Bc6+ 26. Kg1 Nf3+ 27. Kf1 Re6 28. Qg4 Qe5 29. Bb3 Qe2+ 30. Kg2 Ne5+ 0-1